Welcome to CU Library Online Public Access Catalogue (OPAC)

A MOTHER'S GRIEF OBSERVED (Record no. 6119)

MARC details
000 -LEADER
fixed length control field 00379nam a22001457a 4500
005 - DATE AND TIME OF LATEST TRANSACTION
control field 20250602094004.0
008 - FIXED-LENGTH DATA ELEMENTS--GENERAL INFORMATION
fixed length control field 250602b |||||||| |||| 00| 0 eng d
020 ## - INTERNATIONAL STANDARD BOOK NUMBER
International Standard Book Number 031809039953
050 ## - LIBRARY OF CONGRESS CALL NUMBER
Classification number BV4907
Item number FAB
100 ## - MAIN ENTRY--PERSONAL NAME
Personal name FABER REBECCA
245 ## - TITLE STATEMENT
Title A MOTHER'S GRIEF OBSERVED
260 ## - PUBLICATION, DISTRIBUTION, ETC.
Place of publication, distribution, etc. WHEATON
Name of publisher, distributor, etc. TYNDALE HOUSE PUBLISHERS, INC
Date of publication, distribution, etc. c1997
300 ## - PHYSICAL DESCRIPTION
Extent xxi, 154p
942 ## - ADDED ENTRY ELEMENTS (KOHA)
Source of classification or shelving scheme Library of Congress Classification
Koha item type Books
Suppress in OPAC No
999 ## -
-- 6119
-- 6119
Holdings
Withdrawn status Lost status Source of classification or shelving scheme Damaged status Not for loan Collection Home library Current library Shelving location Date acquired Total checkouts Full call number Barcode Date last seen Copy number Price effective from Koha item type
    Library of Congress Classification     Non-fiction Undergraduate Library (Christ Temple) Undergraduate Library (Christ Temple) General stacks 06/02/2025   BV4907 FAB ulct00002818 06/02/2025 1 06/02/2025 Books
© 2023-2024 Copyright: Central University Libraries. All Rights Reserved | Created by: Mahone Tech Office